00562 2200205 4500001002100000005001500021035002000036007000300056008004100059020002200100082001100122084001700133100002800150245006500178260003200243300003200275650002000307700001800327990001100345INLIS00000000000706220210309095848 a0010-0321000432ta210309 g 0 ind  a978-602-9288-83-4 a153.93 a153.93 HER p0 aHERMAWANTO, Ary Sulijah1 aPuzzle Angka /cHermawanto Ary Sulijah; editor, Matt Calibur aJakarta :bDan Idea,c[s.a] a118 hal. :bilus. ;c23 cm. 4aTES INTELEJENSI0 aMATT, Calibur a6250 a